000 00344nam a2200157Ia 4500
100 _aApte/Shaila Dinkar
650 _aSignals and systems
942 _cBK
366 _f25
245 _aSignals and systems
260 _bCambridge University Press
_c2016
082 _bAPT
300 _a771
546 _aENGLISH
_cPAMPHALETS
999 _c23020
_d23020